| 000 | 00417nam a2200169Ia 4500 | ||
|---|---|---|---|
| 008 | 230524s9999 xx 000 0 und d | ||
| 020 | _a8170418839 | ||
| 082 |
_a658.802 _bPRA |
||
| 100 | _aL.M.Prassad | ||
| 245 | 0 | _aPrinciples and Practice of Management | |
| 250 | _a6TH | ||
| 260 |
_aNEW DELHI _bSultanchand _c2001 |
||
| 300 | _aXV;783 | ||
| 500 | _aQuantity Number: 25 | ||
| 650 | _aManagement | ||
| 942 | _cBK | ||
| 999 |
_c20409 _d20409 |
||